| 000 | 00430nam a2200181Ia 4500 | ||
|---|---|---|---|
| 005 | 20240413130522.0 | ||
| 008 | 131103s9999 xx 000 0 und d | ||
| 020 | _a81-88297-01-1 | ||
| 040 | _aLoreto College | ||
| 041 | _aEnglish | ||
| 082 |
_a370.1 _bRAN |
||
| 245 | 4 | _aThe Pratichi Education Report | |
| 260 |
_aIndia _bPatrichi _c2002 |
||
| 300 |
_a127p _b ill. |
||
| 650 | _aEducation | ||
| 850 | _aLCBED | ||
| 942 | _cBK | ||
| 999 |
_c34628 _d85107 |
||